书目信息 |
| 题名: |
社会哲学
|
|
| 作者: | 王南湜 著 | |
| 分册: | ||
| 出版信息: | 昆明 云南人民出版社 2001.08 |
|
| 页数: | 375页 | |
| 开本: | 20cm | |
| 丛书名: | 哲学理论创新丛书 | |
| 单 册: | ||
| 中图分类: | B0 | |
| 科图分类: | ||
| 主题词: | 社会哲学 , 哲学理论 | |
| 电子资源: | ||
| ISBN: | 7-222-03116-2 | |
| 000 | 00867nam0 2200253 45 | |
| 001 | 0210290902 | |
| 005 | 20040421154130.2 | |
| 010 | @a7-222-03116-2@dCNY26.50 | |
| 100 | @a20021029d2001 km y0chiy0120 ea | |
| 101 | 0 | @achi |
| 105 | @a z 000yy | |
| 200 | 1 | @a社会哲学@AShe Hui Zhe Xue@e现代实践哲学视野中的社会生活@EXian Dai Shi Jian Zhe Xue Shi Ye Zhong DeShe Hui Sheng Huo@f王南湜著@FWang Nan Shi Zhu |
| 210 | @a昆明@c云南人民出版社@d2001.08 | |
| 215 | @a375页@d20cm | |
| 225 | @a哲学理论创新丛书@f韩庆祥主编 | |
| 410 | @12001 @a哲学理论创新丛书 | |
| 410 | @1700 0@a韩庆祥@AHan Qing Xiang@4主编 | |
| 517 | 1 | @a现代实践哲学视野中的社会生活@AXian Dai Shi Jian Zhe Xue Shi Ye Zhong De She Hui Sheng Huo |
| 606 | 0 | @a社会哲学 |
| 606 | 0 | @a哲学理论 |
| 690 | @aB0@v4 | |
| 701 | @a王南湜@4著 | |
| 801 | @aCN@bTSTC@c20021029 | |
| 905 | @dB0@e143@f1@b316381 | |
| 社会哲学:现代实践哲学视野中的社会生活/王南湜著.-昆明:云南人民出版社,2001.08 |
| 375页;20cm.-(哲学理论创新丛书/韩庆祥主编) |
| ISBN 7-222-03116-2:CNY26.50 |
| ● |
| 相关链接 |
|
|
|
|
正题名:社会哲学
索取号:B0/143
 
预约/预借
| 序号 | 登录号 | 条形码 | 馆藏地/架位号 | 状态 | 备注 |
| 1 | 0316381 | 203163815 | 第一借阅区/ [索取号:B0/143] | 在馆 | |
| 2 | 0316382 | 203163824 | 第一借阅区/ [索取号:B0/143] | 在馆 | |
| 3 | 0316383 | 203163833 | 第一样本阅览室/ [索取号:B0/143] | 在馆 |